[Event "46th Greek Team Championship"]
[Site "chess24.com"]
[Date "2018.07.15"]
[Round "7"]
[White "Strati, Betty - Anna"]
[Black "Aivazian, Elpida Sofia"]
[Result "1-0"]
[Board "7"]
[WhiteElo "1631"]
[WhiteCountry "GRE"]
[WhiteFideId "4280334"]
[WhiteEloChange "5"]
[BlackElo "1451"]
[BlackCountry "GRE"]
[BlackFideId "25821555"]
[BlackEloChange "-5"]

1. d4 {[%clk 1:30:57]} Nf6 {[%clk 1:30:56]} 2. Bf4 {[%clk 1:31:19]} g6 {[%clk
1:31:20]} 3. e3 {[%clk 1:31:40]} Bg7 {[%clk 1:31:45]} 4. h3 {[%clk 1:31:53]} d6
{[%clk 1:32:10]} 5. Nf3 {[%clk 1:32:03]} O-O {[%clk 1:32:25]} 6. Be2 {[%clk
1:32:12]} c5 {[%clk 1:31:32]} 7. c3 {[%clk 1:31:54]} b6 {[%clk 1:29:13]} 8. O-O
{[%clk 1:29:43]} Bb7 {[%clk 1:29:30]} 9. Nbd2 {[%clk 1:28:15]} Nbd7 {[%clk
1:29:07]} 10. Rc1 {[%clk 1:26:49]} Re8 {[%clk 1:24:26]} 11. Bh2 {[%clk 1:21:39]}
Ne4 {[%clk 1:18:00]} 12. Nxe4 {[%clk 1:17:17]} Bxe4 {[%clk 1:18:23]} 13. Nd2
{[%clk 1:16:48]} Bb7 {[%clk 1:18:36]} 14. Bf3 {[%clk 1:15:02]} Qc7 {[%clk
1:00:58]} 15. e4 {[%clk 1:03:38]} Rac8 {[%clk 0:57:01]} 16. d5 {[%clk 0:53:25]}
b5 {[%clk 0:35:45]} 17. Be2 {[%clk 0:37:02]} c4 {[%clk 0:27:01]} 18. b3 {[%clk
0:31:48]} cxb3 {[%clk 0:23:40]} 19. axb3 {[%clk 0:31:17]} a6 {[%clk 0:21:44]} 20.
c4 {[%clk 0:29:31]} Qb6 {[%clk 0:19:12]} 21. Bg4 {[%clk 0:26:41]} Rc7 {[%clk
0:16:27]} 22. Bxd7 {[%clk 0:23:34]} Rxd7 {[%clk 0:16:50]} 23. e5 {[%clk 0:14:55]}
dxe5 {[%clk 0:10:17]} 24. c5 {[%clk 0:14:04]} Qa5 {[%clk 0:10:43]} 25. c6 {[%clk
0:11:43]} Bxc6 {[%clk 0:08:18]} 26. dxc6 {[%clk 0:08:19]} Rxd2 {[%clk 0:08:33]}
27. Qe1 {[%clk 0:08:44]} Bh6 {[%clk 0:08:06]} 28. Bxe5 {[%clk 0:05:53]} b4 {[%clk
0:08:34]} 29. c7 {[%clk 0:03:57]} Rc8 {[%clk 0:07:54]} 30. Qe4 {[%clk 0:02:52]}
Rd5 {[%clk 0:06:46]} 31. Rcd1 {[%clk 0:00:41]} Rxe5 {[%clk 0:06:22]} 32. Rd8+
{[%clk 0:01:10]} Kg7 {[%clk 0:06:50]} 33. Qxe5+ {[%clk 0:01:26]} Qxe5 {[%clk
0:07:02]} 34. Rxc8 {[%clk 0:01:54]} Qc5 {[%clk 0:05:30]} 35. g3 {[%clk 0:01:29]}
Bd2 {[%clk 0:02:33]} 36. Rd1 {[%clk 0:01:14]} Bc3 {[%clk 0:02:49]} 37. Rg8+
{[%clk 0:00:59]} Kxg8 {[%clk 0:02:28]} 38. Rd8+ {[%clk 0:01:25]} Kg7 {[%clk
0:02:46]} 39. c8Q {[%clk 0:01:48]} Qxc8 {[%clk 0:01:57]} 40. Rxc8 {[%clk
0:32:13]} Kf6 {[%clk 0:31:58]} 41. Kf1 {[%clk 0:26:39]} e5 {[%clk 0:22:40]} 42.
Rc6+ {[%clk 0:23:12]} Kg5 {[%clk 0:19:05]} 43. Rxa6 {[%clk 0:20:55]} h5 {[%clk
0:16:14]} 44. Ke2 {[%clk 0:19:08]} f5 {[%clk 0:15:15]} 45. h4+ {[%clk 0:16:18]}
Kh6 {[%clk 0:15:40]} 46. Rc6 {[%clk 0:16:30]} Bb2 {[%clk 0:12:33]} 47. Rc4 {[%clk
0:16:03]} Ba3 {[%clk 0:12:40]} 48. f3 {[%clk 0:14:24]} Kg7 {[%clk 0:11:48]} 49.
Kd3 {[%clk 0:14:10]} Kf7 {[%clk 0:11:16]} 50. Rc6 {[%clk 0:13:32]} Bb2 {[%clk
0:10:39]} 51. Rc4 {[%clk 0:13:30]} Ba3 {[%clk 0:11:03]} 52. Rc7+ {[%clk 0:13:36]}
Kf6 {[%clk 0:10:54]} 53. Rc6+ {[%clk 0:13:56]} Kf7 {[%clk 0:11:14]} 54. Kc4
{[%clk 0:12:56]} f4 {[%clk 0:09:24]} 55. gxf4 {[%clk 0:11:32]} exf4 {[%clk
0:09:53]} 56. Kd3 {[%clk 0:11:29]} Bb2 {[%clk 0:09:28]} 57. Rc4 {[%clk 0:11:25]}
Bc3 {[%clk 0:09:38]} 58. Rxf4+ {[%clk 0:11:32]} Ke6 {[%clk 0:09:12]} 59. Rc4
{[%clk 0:09:22]} Kf5 {[%clk 0:09:07]} 60. Ke2 {[%clk 0:06:26]} Ke5 {[%clk
0:08:22]} 61. Rc5+ {[%clk 0:05:11]} Kf6 {[%clk 0:08:25]} 62. f4 {[%clk 0:04:59]}
Ke6 {[%clk 0:07:36]} 63. Rg5 {[%clk 0:02:53]} Kf6 {[%clk 0:07:55]} 64. Rb5 {[%clk
0:02:21]} Ke6 {[%clk 0:07:34]} 65. Kd3 {[%clk 0:01:33]} Kf6 {[%clk 0:07:53]} 66.
Ke2 {[%clk 0:01:14]} Ke6 {[%clk 0:08:11]} 67. Rg5 {[%clk 0:01:38]} Kf6 {[%clk
0:08:32]} 68. Rc5 {[%clk 0:01:58]} Bb2 {[%clk 0:07:28]} 69. Rc2 {[%clk 0:01:01]}
Ba3 {[%clk 0:06:34]} 70. Kf3 {[%clk 0:01:17]} Kf5 {[%clk 0:06:41]} 71. Rc6 {[%clk
0:01:04]} Bb2 {[%clk 0:06:28]} 72. Rc5+ {[%clk 0:01:00]} Kf6 {[%clk 0:05:52]} 73.
Rc4 {[%clk 0:01:17]} Ba3 {[%clk 0:05:49]} 74. Ke4 {[%clk 0:01:29]} Bb2 {[%clk
0:03:54]} 75. Rxb4 {[%clk 0:01:04]} 1-0

[Event "46th Greek Team Championship"]
[Site "chess24.com"]
[Date "2018.07.15"]
[Round "7"]
[White "Kazakos, Nikolaos"]
[Black "Amaxopoulos, Christos"]
[Result "1-0"]
[Board "10"]
[WhiteElo "1375"]
[WhiteCountry "GRE"]
[WhiteFideId "25833146"]
[WhiteEloChange "5"]
[BlackElo "1180"]
[BlackCountry "GRE"]
[BlackFideId "25865153"]
[BlackEloChange "-5"]

1. e4 {[%clk 1:30:53]} c5 {[%clk 1:30:56]} 2. Nf3 {[%clk 1:30:59]} e6 {[%clk
1:31:23]} 3. d4 {[%clk 1:31:20]} cxd4 {[%clk 1:31:50]} 4. Nxd4 {[%clk 1:31:43]}
a6 {[%clk 1:32:17]} 5. Be3 {[%clk 1:30:24]} Qc7 {[%clk 1:32:15]} 6. a3 {[%clk
1:29:56]} Bc5 {[%clk 1:32:34]} 7. Nc3 {[%clk 1:28:13]} Nf6 {[%clk 1:32:48]} 8.
Be2 {[%clk 1:23:55]} b5 {[%clk 1:33:07]} 9. Qd2 {[%clk 1:22:24]} Bb7 {[%clk
1:27:35]} 10. f3 {[%clk 1:20:08]} d6 {[%clk 1:18:20]} 11. Nb3 {[%clk 1:18:46]}
Bxe3 {[%clk 1:17:53]} 12. Qxe3 {[%clk 1:18:42]} Nbd7 {[%clk 1:12:26]} 13. O-O
{[%clk 1:18:15]} O-O {[%clk 1:09:28]} 14. Kh1 {[%clk 1:17:19]} Ne5 {[%clk
1:07:51]} 15. Nd2 {[%clk 1:16:40]} d5 {[%clk 1:02:02]} 16. exd5 {[%clk 1:15:25]}
Nxd5 {[%clk 1:01:57]} 17. Nxd5 {[%clk 1:15:35]} Bxd5 {[%clk 1:02:16]} 18. Rac1
{[%clk 1:14:16]} Rfd8 {[%clk 1:01:14]} 19. Rfe1 {[%clk 1:12:33]} Nc4 {[%clk
1:00:23]} 20. Nxc4 {[%clk 1:12:57]} Bxc4 {[%clk 1:00:47]} 21. Bxc4 {[%clk
1:13:13]} Qxc4 {[%clk 1:01:08]} 22. b3 {[%clk 1:13:05]} Qd4 {[%clk 0:55:15]} 23.
Qxd4 {[%clk 1:12:39]} Rxd4 {[%clk 0:54:13]} 24. Red1 {[%clk 1:12:38]} Rxd1+
{[%clk 0:54:07]} 25. Rxd1 {[%clk 1:13:05]} Rc8 {[%clk 0:54:32]} 26. Kg1 {[%clk
1:13:25]} Kf8 {[%clk 0:54:59]} 27. Rd2 {[%clk 1:13:37]} Ke7 {[%clk 0:55:24]} 28.
Kf2 {[%clk 1:13:56]} e5 {[%clk 0:51:49]} 29. Ke3 {[%clk 1:14:21]} f5 {[%clk
0:52:15]} 30. c4 {[%clk 1:12:42]} bxc4 {[%clk 0:52:41]} 31. Rc2 {[%clk 1:13:08]}
c3 {[%clk 0:51:49]} 32. Kd3 {[%clk 1:13:22]} Kd6 {[%clk 0:51:59]} 33. Rxc3 {[%clk
1:13:38]} Rxc3+ {[%clk 0:52:25]} 34. Kxc3 {[%clk 1:14:00]} Kc5 {[%clk 0:52:44]}
35. b4+ {[%clk 1:13:14]} Kb5 {[%clk 0:52:48]} 36. Kb3 {[%clk 1:13:38]} g5 {[%clk
0:45:11]} 37. a4+ {[%clk 1:13:57]} Kb6 {[%clk 0:45:36]} 38. Kc4 {[%clk 1:14:14]}
Kc6 {[%clk 0:41:34]} 39. b5+ {[%clk 1:14:25]} axb5+ {[%clk 0:41:56]} 40. axb5+
{[%clk 1:44:49]} Kb6 {[%clk 1:12:18]} 41. Kd5 {[%clk 1:44:59]} e4 {[%clk
1:10:47]} 42. fxe4 {[%clk 1:45:22]} fxe4 {[%clk 1:11:10]} 43. Kxe4 {[%clk
1:45:48]} Kxb5 {[%clk 1:11:36]} 44. Kf5 {[%clk 1:46:12]} h6 {[%clk 1:12:02]} 45.
Kg6 {[%clk 1:46:37]} g4 {[%clk 1:12:16]} 46. Kxh6 {[%clk 1:47:03]} Kc6 {[%clk
1:12:42]} 47. Kg5 {[%clk 1:47:24]} Kd6 {[%clk 1:13:09]} 48. Kxg4 {[%clk 1:47:45]}
Ke7 {[%clk 1:13:37]} 49. h4 {[%clk 1:48:06]} Kf7 {[%clk 1:14:02]} 50. Kg5 {[%clk
1:48:31]} Kg7 {[%clk 1:14:29]} 51. g4 {[%clk 1:48:54]} Kh7 {[%clk 1:14:56]} 52.
Kf6 {[%clk 1:49:19]} Kg8 {[%clk 1:15:19]} 53. Kg6 {[%clk 1:49:43]} Kh8 {[%clk
1:15:45]} 54. Kf7 {[%clk 1:50:01]} Kh7 {[%clk 1:16:09]} 55. g5 {[%clk 1:50:23]}
Kh8 {[%clk 1:16:33]} 56. h5 {[%clk 1:50:51]} Kh7 {[%clk 1:16:59]} 57. g6+ {[%clk
1:51:16]} Kh6 {[%clk 1:17:20]} 58. g7 {[%clk 1:51:41]} Kxh5 {[%clk 1:17:47]} 59.
g8Q {[%clk 1:52:01]} 1-0

[Event "46th Greek Team Championship"]
[Site "chess24.com"]
[Date "2018.07.15"]
[Round "7"]
[White "Maier, Christian"]
[Black "Sigalas, Frangiskos"]
[Result "1/2-1/2"]
[Board "3"]
[WhiteElo "2378"]
[WhiteTitle "IM"]
[WhiteCountry "GER"]
[WhiteFideId "4601955"]
[WhiteEloChange "-4"]
[BlackElo "2213"]
[BlackTitle "FM"]
[BlackCountry "GRE"]
[BlackFideId "4206185"]
[BlackEloChange "4"]

1. e4 {[%clk 1:29:03]} e6 {[%clk 1:30:49]} 2. d3 {[%clk 1:29:22]} d5 {[%clk
1:31:09]} 3. Nd2 {[%clk 1:29:48]} Nf6 {[%clk 1:31:22]} 4. Ngf3 {[%clk 1:30:14]}
Bc5 {[%clk 1:31:38]} 5. e5 {[%clk 1:28:02]} Nfd7 {[%clk 1:32:00]} 6. d4 {[%clk
1:28:23]} Be7 {[%clk 1:32:22]} 7. h4 {[%clk 1:28:00]} c5 {[%clk 1:31:34]} 8. Nb3
{[%clk 1:17:02]} c4 {[%clk 1:06:35]} 9. Nbd2 {[%clk 1:17:29]} f6 {[%clk 1:06:14]}
10. exf6 {[%clk 1:13:49]} Bxf6 {[%clk 1:06:18]} 11. g3 {[%clk 1:12:56]} Nc6
{[%clk 1:05:37]} 12. Bh3 {[%clk 1:11:21]} e5 {[%clk 0:56:32]} 13. dxe5 {[%clk
1:06:52]} Ndxe5 {[%clk 0:56:27]} 14. Bxc8 {[%clk 1:06:17]} Rxc8 {[%clk 0:55:41]}
15. Nxe5 {[%clk 1:06:44]} Nxe5 {[%clk 0:55:47]} 16. O-O {[%clk 1:04:59]} O-O
{[%clk 0:53:17]} 17. f4 {[%clk 1:04:45]} Nc6 {[%clk 0:35:57]} 18. Nf3 {[%clk
1:05:01]} d4 {[%clk 0:35:35]} 19. Qe2 {[%clk 1:02:43]} Qd5 {[%clk 0:35:18]} 20.
Qf2 {[%clk 0:58:11]} Rfe8 {[%clk 0:32:13]} 21. Bd2 {[%clk 0:53:54]} d3 {[%clk
0:31:29]} 22. cxd3 {[%clk 0:54:08]} cxd3 {[%clk 0:31:44]} 23. Be3 {[%clk
0:47:03]} Bxb2 {[%clk 0:25:38]} 24. Qxb2 {[%clk 0:31:33]} Rxe3 {[%clk 0:25:57]}
25. Qb3 {[%clk 0:32:00]} Rd8 {[%clk 0:21:16]} 26. Qxd5+ {[%clk 0:31:34]} Rxd5
{[%clk 0:21:39]} 27. Rad1 {[%clk 0:31:46]} Nd4 {[%clk 0:19:54]} 28. Nxd4 {[%clk
0:21:58]} Rxd4 {[%clk 0:20:14]} 29. Kg2 {[%clk 0:22:22]} Kf7 {[%clk 0:17:13]} 30.
Rd2 {[%clk 0:22:44]} Kf6 {[%clk 0:14:09]} 31. Kf2 {[%clk 0:21:50]} Re7 {[%clk
0:09:16]} 32. Rfd1 {[%clk 0:20:46]} Red7 {[%clk 0:09:12]} 33. h5 {[%clk 0:20:42]}
h6 {[%clk 0:04:00]} 34. Kf3 {[%clk 0:20:45]} b5 {[%clk 0:04:15]} 35. g4 {[%clk
0:20:06]} a5 {[%clk 0:01:59]} 36. Rb1 {[%clk 0:13:21]} b4 {[%clk 0:02:08]} 37.
Rc1 {[%clk 0:13:49]} Ke6 {[%clk 0:01:12]} 38. Rc5 {[%clk 0:14:00]} R4d5 {[%clk
0:01:27]} 39. Rc6+ {[%clk 0:14:24]} R7d6 {[%clk 0:01:51]} 40. Rc7 {[%clk
0:44:51]} Rd7 {[%clk 0:32:13]} 41. Rc6+ {[%clk 0:45:17]} R7d6 {[%clk 0:17:56]}
42. Rc7 {[%clk 0:45:38]} Kf6 {[%clk 0:16:25]} 43. Rc4 {[%clk 0:42:24]} Re6 {[%clk
0:15:17]} 44. Kf2 {[%clk 0:41:41]} Rb6 {[%clk 0:15:14]} 45. Ke3 {[%clk 0:41:57]}
Re6+ {[%clk 0:15:18]} 46. Kf2 {[%clk 0:42:23]} Rb6 {[%clk 0:15:44]} 47. Ke3
{[%clk 0:42:50]} a4 {[%clk 0:14:33]} 48. Rxd3 {[%clk 0:43:04]} Rxd3+ {[%clk
0:14:57]} 49. Kxd3 {[%clk 0:43:31]} b3 {[%clk 0:15:21]} 50. axb3 {[%clk 0:43:53]}
axb3 {[%clk 0:15:34]} 51. Rc1 {[%clk 0:43:49]} b2 {[%clk 0:15:41]} 52. Rb1 {[%clk
0:44:21]} Rb4 {[%clk 0:16:06]} 53. Ke3 {[%clk 0:40:05]} Ke6 {[%clk 0:16:19]} 54.
Kf3 {[%clk 0:40:33]} Rb3+ {[%clk 0:16:41]} 55. Ke4 {[%clk 0:40:56]} Rb4+ {[%clk
0:17:07]} 56. Kf3 {[%clk 0:41:17]} Kd5 {[%clk 0:16:57]} 57. g5 {[%clk 0:40:40]}
Kd4 {[%clk 0:11:42]} 58. Kg4 {[%clk 0:37:03]} Ke4 {[%clk 0:12:01]} 59. Re1+
{[%clk 0:37:28]} Kd3 {[%clk 0:11:52]} 60. Kf5 {[%clk 0:36:31]} b1Q {[%clk
0:10:23]} 61. Rxb1 {[%clk 0:36:56]} Rxb1 {[%clk 0:10:36]} 62. Kg6 {[%clk
0:37:24]} hxg5 {[%clk 0:08:32]} 63. fxg5 {[%clk 0:37:47]} Rg1 {[%clk 0:08:55]}
64. Kf5 {[%clk 0:36:55]} Rh1 {[%clk 0:02:23]} 65. Kg6 {[%clk 0:37:20]} Rg1 {[%clk
0:02:49]} 66. Kf5 {[%clk 0:37:47]} Rh1 {[%clk 0:03:14]} 67. Kg6 {[%clk 0:38:15]}
Ke4 {[%clk 0:03:34]} 68. Kxg7 {[%clk 0:38:42]} Rxh5 {[%clk 0:03:51]} 69. Kf6
{[%clk 0:38:07]} Kf4 {[%clk 0:01:04]} 70. g6 {[%clk 0:38:32]} Rf5+ {[%clk
0:01:21]} 71. Ke7 {[%clk 0:39:00]} Ra5 {[%clk 0:01:03]} 72. g7 {[%clk 0:39:25]}
Ra8 {[%clk 0:01:27]} 73. Kf7 {[%clk 0:39:49]} Kf5 {[%clk 0:01:50]} 74. g8Q {[%clk
0:40:14]} Rxg8 {[%clk 0:02:15]} 75. Kxg8 {[%clk 0:40:42]} 1/2-1/2

[Event "46th Greek Team Championship"]
[Site "chess24.com"]
[Date "2018.07.15"]
[Round "7"]
[White "Iordanidou, Zoi"]
[Black "Videnova, Iva"]
[Result "1/2-1/2"]
[Board "5"]
[WhiteElo "2060"]
[WhiteCountry "GRE"]
[WhiteFideId "4209192"]
[WhiteEloChange "7"]
[BlackElo "2369"]
[BlackTitle "IM"]
[BlackCountry "FID"]
[BlackFideId "2907763"]
[BlackEloChange "-7"]

1. e4 {[%clk 1:28:53]} c5 {[%clk 1:30:55]} 2. Nf3 {[%clk 1:29:19]} e6 {[%clk
1:31:09]} 3. d3 {[%clk 1:29:33]} Nc6 {[%clk 1:31:26]} 4. g3 {[%clk 1:29:42]} d5
{[%clk 1:31:34]} 5. Nbd2 {[%clk 1:30:00]} Nf6 {[%clk 1:31:57]} 6. Bg2 {[%clk
1:30:08]} g6 {[%clk 1:32:21]} 7. O-O {[%clk 1:30:24]} Bg7 {[%clk 1:32:48]} 8. Re1
{[%clk 1:30:03]} O-O {[%clk 1:33:10]} 9. c3 {[%clk 1:30:08]} a5 {[%clk 1:33:34]}
10. a4 {[%clk 1:26:56]} b6 {[%clk 1:33:42]} 11. Qc2 {[%clk 1:24:24]} Ba6 {[%clk
1:33:36]} 12. Bf1 {[%clk 1:24:45]} Rc8 {[%clk 1:23:25]} 13. Nb1 {[%clk 1:14:56]}
h6 {[%clk 1:22:05]} 14. h4 {[%clk 0:54:10]} e5 {[%clk 0:56:25]} 15. Na3 {[%clk
0:30:06]} Qd7 {[%clk 0:51:18]} 16. Qb3 {[%clk 0:05:50]} dxe4 {[%clk 0:46:10]} 17.
dxe4 {[%clk 0:29:49]} Bxf1 {[%clk 0:51:39]} 18. Rxf1 {[%clk 0:28:26]} Qh3 {[%clk
0:41:58]} 19. Re1 {[%clk 0:21:45]} Nh5 {[%clk 0:36:35]} 20. Qd1 {[%clk 0:20:43]}
Rcd8 {[%clk 0:35:42]} 21. Qe2 {[%clk 0:19:44]} f5 {[%clk 0:34:45]} 22. Qf1 {[%clk
0:19:36]} Qxf1+ {[%clk 0:34:10]} 23. Rxf1 {[%clk 0:20:03]} fxe4 {[%clk 0:34:03]}
24. Ne1 {[%clk 0:19:48]} Rd1 {[%clk 0:30:35]} 25. Nc4 {[%clk 0:20:06]} Nf6 {[%clk
0:29:40]} 26. Ne3 {[%clk 0:20:16]} Rd7 {[%clk 0:29:17]} 27. N1c2 {[%clk 0:20:17]}
Ne7 {[%clk 0:27:44]} 28. Nc4 {[%clk 0:20:03]} Nfd5 {[%clk 0:25:07]} 29. Re1
{[%clk 0:19:44]} Nc6 {[%clk 0:23:14]} 30. N2e3 {[%clk 0:18:05]} Nce7 {[%clk
0:22:46]} 31. Ng4 {[%clk 0:17:49]} Nf5 {[%clk 0:21:29]} 32. Rxe4 {[%clk 0:06:37]}
Re8 {[%clk 0:17:25]} 33. Re1 {[%clk 0:05:18]} e4 {[%clk 0:16:41]} 34. Nge3 {[%clk
0:05:31]} Re6 {[%clk 0:12:08]} 35. Nxd5 {[%clk 0:05:39]} Rxd5 {[%clk 0:12:32]}
36. Bf4 {[%clk 0:05:48]} Bf6 {[%clk 0:07:40]} 37. Rad1 {[%clk 0:05:41]} Rxd1
{[%clk 0:05:38]} 38. Rxd1 {[%clk 0:06:07]} g5 {[%clk 0:05:13]} 39. hxg5 {[%clk
0:06:17]} hxg5 {[%clk 0:05:38]} 40. Bc7 {[%clk 0:34:45]} e3 {[%clk 0:35:15]} 41.
fxe3 {[%clk 0:34:28]} Kf7 {[%clk 0:24:28]} 42. Kf2 {[%clk 0:26:57]} Re4 {[%clk
0:24:20]} 43. Nxb6 {[%clk 0:20:14]} Nxe3 {[%clk 0:24:16]} 44. Rd3 {[%clk
0:20:35]} Nf5 {[%clk 0:22:25]} 45. Kf3 {[%clk 0:19:55]} Re1 {[%clk 0:22:39]} 46.
Nc4 {[%clk 0:19:31]} Ra1 {[%clk 0:20:19]} 47. b3 {[%clk 0:17:54]} Rb1 {[%clk
0:20:24]} 48. Nd2 {[%clk 0:17:37]} Rb2 {[%clk 0:18:46]} 49. Bxa5 {[%clk 0:16:07]}
c4 {[%clk 0:19:04]} 50. Nxc4 {[%clk 0:14:02]} Rxb3 {[%clk 0:19:27]} 51. Bb4
{[%clk 0:12:50]} Nd4+ {[%clk 0:19:08]} 52. Ke4 {[%clk 0:12:55]} Nc6 {[%clk
0:19:17]} 53. Na5 {[%clk 0:11:31]} Nxa5 {[%clk 0:19:42]} 54. Bxa5 {[%clk
0:11:57]} Ra3 {[%clk 0:20:08]} 55. Bb4 {[%clk 0:11:18]} Rxa4 {[%clk 0:20:30]} 56.
Kf5 {[%clk 0:11:09]} Ra7 {[%clk 0:20:51]} 57. Rd6 {[%clk 0:11:19]} Be7 {[%clk
0:20:25]} 58. Rh6 {[%clk 0:05:02]} Kg7 {[%clk 0:20:47]} 59. Rg6+ {[%clk 0:05:24]}
Kf7 {[%clk 0:21:01]} 60. Rh6 {[%clk 0:03:58]} Kg7 {[%clk 0:21:27]} 61. Re6 {[%clk
0:04:15]} Bxb4 {[%clk 0:21:19]} 62. cxb4 {[%clk 0:04:40]} Rb7 {[%clk 0:21:32]}
63. Re4 {[%clk 0:05:02]} Rb5+ {[%clk 0:21:28]} 64. Ke6 {[%clk 0:05:16]} Kg6
{[%clk 0:21:52]} 65. g4 {[%clk 0:05:34]} Rb8 {[%clk 0:22:11]} 66. Ke7 {[%clk
0:01:51]} Rb7+ {[%clk 0:22:36]} 67. Kd6 {[%clk 0:02:03]} Rb8 {[%clk 0:22:39]} 68.
Re6+ {[%clk 0:01:39]} Kf7 {[%clk 0:22:58]} 69. Re7+ {[%clk 0:01:58]} Kf6 {[%clk
0:23:05]} 70. Re6+ {[%clk 0:02:14]} Kf7 {[%clk 0:23:28]} 71. Re4 {[%clk 0:02:40]}
Kg6 {[%clk 0:23:53]} 72. Kc7 {[%clk 0:02:15]} Rf8 {[%clk 0:24:08]} 73. b5 {[%clk
0:02:12]} Rf4 {[%clk 0:24:35]} 74. Rxf4 {[%clk 0:02:25]} gxf4 {[%clk 0:24:59]}
75. b6 {[%clk 0:02:53]} f3 {[%clk 0:25:24]} 76. b7 {[%clk 0:03:21]} f2 {[%clk
0:25:49]} 77. b8Q {[%clk 0:03:44]} f1Q {[%clk 0:26:10]} 78. Qg8+ {[%clk 0:03:33]}
Kh6 {[%clk 0:26:37]} 79. Qh8+ {[%clk 0:02:55]} Kg5 {[%clk 0:26:46]} 80. Qh5+
{[%clk 0:03:08]} Kf6 {[%clk 0:27:06]} 81. g5+ {[%clk 0:02:22]} Kg7 {[%clk
0:27:48]} 82. Qh6+ {[%clk 0:02:33]} Kg8 {[%clk 0:27:51]} 83. Qg6+ {[%clk
0:02:17]} Kf8 {[%clk 0:28:01]} 84. Qd6+ {[%clk 0:01:18]} Kg7 {[%clk 0:28:09]} 85.
Qe5+ {[%clk 0:01:07]} 1/2-1/2

[Event "46th Greek Team Championship"]
[Site "chess24.com"]
[Date "2018.07.15"]
[Round "7"]
[White "Abelakiotis, Stavros"]
[Black "Paraskevas, Georgios"]
[Result "1-0"]
[Board "9"]
[WhiteElo "2029"]
[WhiteCountry "GRE"]
[WhiteFideId "4292650"]
[WhiteEloChange "2"]
[BlackElo "1634"]
[BlackCountry "GRE"]
[BlackFideId "4262131"]
[BlackEloChange "-2"]

1. e4 {[%clk 1:28:53]} e5 {[%clk 1:30:53]} 2. Nf3 {[%clk 1:29:07]} Nc6 {[%clk
1:30:53]} 3. Bb5 {[%clk 1:29:28]} a6 {[%clk 1:31:48]} 4. Ba4 {[%clk 1:29:52]} d6
{[%clk 1:32:14]} 5. c3 {[%clk 1:29:45]} Bd7 {[%clk 1:32:32]} 6. O-O {[%clk
1:29:16]} g6 {[%clk 1:32:28]} 7. d4 {[%clk 1:29:02]} Bg7 {[%clk 1:32:48]} 8. d5
{[%clk 1:27:43]} Nce7 {[%clk 1:33:06]} 9. Bxd7+ {[%clk 1:27:12]} Qxd7 {[%clk
1:33:32]} 10. c4 {[%clk 1:27:26]} h6 {[%clk 1:33:29]} 11. Qd3 {[%clk 1:22:47]} f5
{[%clk 1:32:02]} 12. Nc3 {[%clk 1:22:55]} Nf6 {[%clk 1:32:10]} 13. b4 {[%clk
1:19:22]} b6 {[%clk 1:10:17]} 14. Nd2 {[%clk 1:16:36]} f4 {[%clk 1:08:36]} 15. f3
{[%clk 1:13:42]} h5 {[%clk 0:55:45]} 16. c5 {[%clk 1:10:07]} g5 {[%clk 0:55:42]}
17. cxb6 {[%clk 0:48:08]} cxb6 {[%clk 0:55:55]} 18. b5 {[%clk 0:48:14]} a5 {[%clk
0:56:11]} 19. Nc4 {[%clk 0:47:45]} Nc8 {[%clk 0:56:32]} 20. a4 {[%clk 0:34:15]}
Rg8 {[%clk 0:43:08]} 21. Ba3 {[%clk 0:29:37]} Bf8 {[%clk 0:40:03]} 22. Ra2 {[%clk
0:25:44]} Nh7 {[%clk 0:30:24]} 23. Ne2 {[%clk 0:22:23]} g4 {[%clk 0:25:32]} 24.
Kh1 {[%clk 0:22:26]} Ng5 {[%clk 0:25:29]} 25. Ng1 {[%clk 0:20:57]} Rb8 {[%clk
0:12:16]} 26. Rc2 {[%clk 0:20:46]} Be7 {[%clk 0:12:08]} 27. Rfc1 {[%clk 0:17:40]}
Na7 {[%clk 0:12:09]} 28. Nxe5 {[%clk 0:11:35]} dxe5 {[%clk 0:08:18]} 29. Bxe7
{[%clk 0:05:26]} Kxe7 {[%clk 0:03:13]} 30. Rc7 {[%clk 0:04:49]} Nf7 {[%clk
0:02:54]} 31. d6+ {[%clk 0:01:40]} Nxd6 {[%clk 0:02:47]} 32. Qd5 {[%clk 0:01:17]}
Rg5 {[%clk 0:02:28]} 33. Rxd7+ {[%clk 0:01:05]} Kxd7 {[%clk 0:02:53]} 34. Rd1
{[%clk 0:00:55]} Nc8 {[%clk 0:02:12]} 35. Qf7+ {[%clk 0:00:55]} Ne7 {[%clk
0:02:12]} 36. Rxd6+ {[%clk 0:00:43]} Kxd6 {[%clk 0:02:46]} 37. Qf6+ {[%clk
0:01:09]} Kd7 {[%clk 0:02:47]} 38. Qxg5 {[%clk 0:01:33]} Rc8 {[%clk 0:03:06]} 39.
Qxe5 {[%clk 0:00:56]} Rc4 {[%clk 0:03:23]} 40. Qa1 {[%clk 0:30:41]} Kd6 {[%clk
0:30:31]} 41. Qa3+ {[%clk 0:28:19]} Rb4 {[%clk 0:30:33]} 42. Ne2 {[%clk 0:26:47]}
Ng6 {[%clk 0:27:24]} 43. Qd3+ {[%clk 0:22:31]} Ke7 {[%clk 0:26:53]} 44. Nc3
{[%clk 0:21:39]} Kf7 {[%clk 0:19:39]} 45. e5 {[%clk 0:19:18]} Ne7 {[%clk
0:18:08]} 46. Ne4 {[%clk 0:15:30]} Kf8 {[%clk 0:06:34]} 47. Qd8+ {[%clk 0:11:31]}
Kf7 {[%clk 0:06:59]} 48. Ng5+ {[%clk 0:11:46]} Kg6 {[%clk 0:07:29]} 49. Qd6+
{[%clk 0:12:01]} 1-0

[Event "46th Greek Team Championship"]
[Site "chess24.com"]
[Date "2018.07.15"]
[Round "7"]
[White "Papadopoulos, Panayotis"]
[Black "Vatkali, Dimitra"]
[Result "1-0"]
[Board "4"]
[WhiteElo "2189"]
[WhiteCountry "GRE"]
[WhiteFideId "4222636"]
[WhiteEloChange "5"]
[BlackElo "1979"]
[BlackCountry "GRE"]
[BlackFideId "4200705"]
[BlackEloChange "-5"]

1. d4 {[%clk 1:30:58]} d5 {[%clk 1:30:55]} 2. Nf3 {[%clk 1:31:23]} Nf6 {[%clk
1:31:17]} 3. c4 {[%clk 1:31:07]} c6 {[%clk 1:31:40]} 4. e3 {[%clk 1:31:33]} e6
{[%clk 1:30:48]} 5. Nbd2 {[%clk 1:31:48]} Nbd7 {[%clk 1:29:45]} 6. Bd3 {[%clk
1:31:50]} dxc4 {[%clk 1:10:44]} 7. Nxc4 {[%clk 1:31:07]} c5 {[%clk 1:09:51]} 8.
O-O {[%clk 1:31:32]} Be7 {[%clk 1:07:19]} 9. Nce5 {[%clk 1:27:55]} O-O {[%clk
1:05:17]} 10. Qe2 {[%clk 1:27:33]} Nxe5 {[%clk 0:39:05]} 11. dxe5 {[%clk
1:27:39]} Nd7 {[%clk 0:38:32]} 12. b3 {[%clk 1:24:38]} Qc7 {[%clk 0:31:15]} 13.
Bb2 {[%clk 1:25:02]} Rd8 {[%clk 0:31:15]} 14. Rac1 {[%clk 1:24:38]} b6 {[%clk
0:26:47]} 15. Nd4 {[%clk 1:07:41]} Bb7 {[%clk 0:14:15]} 16. f4 {[%clk 1:06:40]}
g6 {[%clk 0:10:26]} 17. Bb1 {[%clk 1:02:40]} Nf8 {[%clk 0:10:09]} 18. Nf3 {[%clk
1:01:42]} Rd7 {[%clk 0:09:28]} 19. e4 {[%clk 1:01:40]} a5 {[%clk 0:08:28]} 20. f5
{[%clk 0:56:44]} Ba6 {[%clk 0:07:41]} 21. Qe3 {[%clk 0:56:41]} exf5 {[%clk
0:03:00]} 22. exf5 {[%clk 0:57:02]} gxf5 {[%clk 0:02:30]} 23. Bxf5 {[%clk
0:54:44]} Bxf1 {[%clk 0:01:44]} 24. Rxf1 {[%clk 0:54:08]} Rad8 {[%clk 0:00:34]}
25. e6 {[%clk 0:43:34]} Rd4 {[%clk 0:01:00]} 26. exf7+ {[%clk 0:39:31]} Kxf7
{[%clk 0:01:12]} 27. Nxd4 {[%clk 0:38:41]} cxd4 {[%clk 0:00:46]} 28. Bd7+ {[%clk
0:38:50]} Bf6 {[%clk 0:00:53]} 29. Rxf6+ {[%clk 0:36:38]} Kxf6 {[%clk 0:01:22]}
30. Qxd4+ {[%clk 0:37:01]} Ke7 {[%clk 0:00:52]} 31. Qg7+ {[%clk 0:37:20]} Kd6
{[%clk 0:00:49]} 32. Be5+ {[%clk 0:37:45]} Kc5 {[%clk 0:00:40]} 33. Bxc7 {[%clk
0:38:06]} Rxd7 {[%clk 0:01:08]} 34. Qxf8+ {[%clk 0:38:22]} 1-0